<?xml version="1.0" encoding="UTF-8"?>
<record
    xmlns:xsi="http://www.w3.org/2001/XMLSchema-instance"
    xsi:schemaLocation="http://www.loc.gov/MARC21/slim http://www.loc.gov/standards/marcxml/schema/MARC21slim.xsd"
    xmlns="http://www.loc.gov/MARC21/slim">

  <leader>00793cam a2200205 a 4500</leader>
  <controlfield tag="001">000010783</controlfield>
  <controlfield tag="005">20200929162306.0</controlfield>
  <controlfield tag="008">000120s1999    ec abc        001 0 spa  </controlfield>
  <datafield tag="040" ind1=" " ind2=" ">
    <subfield code="a">DO-SdBNP</subfield>
    <subfield code="d">BNPHU</subfield>
  </datafield>
  <datafield tag="082" ind1=" " ind2=" ">
    <subfield code="a">986.602</subfield>
    <subfield code="b">N575d</subfield>
  </datafield>
  <datafield tag="100" ind1="1" ind2=" ">
    <subfield code="a">N&#xFA;&#xF1;ez S&#xE1;nchez, Jorge</subfield>
    <subfield code="d">1947-</subfield>
    <subfield code="9">26037</subfield>
  </datafield>
  <datafield tag="245" ind1="1" ind2="3">
    <subfield code="a">La defensa del pa&#xED;s de Quito /</subfield>
    <subfield code="c">Jorge N&#xFA;&#xF1;ez S&#xE1;nchez.</subfield>
  </datafield>
  <datafield tag="260" ind1=" " ind2=" ">
    <subfield code="a">Quito :</subfield>
    <subfield code="b">Ministerio de Defensa Nacional, Centro de Estudios Hist&#xF3;icos del Ej&#xE9;rcito,</subfield>
    <subfield code="c">1999.</subfield>
  </datafield>
  <datafield tag="300" ind1=" " ind2=" ">
    <subfield code="a">217 p. :</subfield>
    <subfield code="b">il., mapas, retrs ;</subfield>
    <subfield code="c">21 cm.</subfield>
  </datafield>
  <datafield tag="490" ind1="1" ind2=" ">
    <subfield code="a">Biblioteca del ej&#xE9;rcito ecuatoriano</subfield>
    <subfield code="v">v16</subfield>
  </datafield>
  <datafield tag="650" ind1=" " ind2="4">
    <subfield code="a">Ecuador</subfield>
    <subfield code="x">Historia</subfield>
    <subfield code="y">COLONIA, 1563-1808</subfield>
    <subfield code="9">26038</subfield>
  </datafield>
  <datafield tag="650" ind1=" " ind2="4">
    <subfield code="a">Quito (ecuador)</subfield>
    <subfield code="x">Historia</subfield>
    <subfield code="9">26039</subfield>
  </datafield>
  <datafield tag="830" ind1=" " ind2="0">
    <subfield code="a">Biblioteca del ej&#xE9;rcito ecuatoriano ;</subfield>
    <subfield code="v">v16.</subfield>
    <subfield code="9">26040</subfield>
  </datafield>
  <datafield tag="910" ind1=" " ind2=" ">
    <subfield code="a">Catalogaci&#xF3;n por copia / LC</subfield>
  </datafield>
  <datafield tag="952" ind1=" " ind2=" ">
    <subfield code="0">0</subfield>
    <subfield code="1">0</subfield>
    <subfield code="5">2</subfield>
    <subfield code="7">0</subfield>
    <subfield code="8">MO</subfield>
    <subfield code="a">GR</subfield>
    <subfield code="b">GR</subfield>
    <subfield code="c">CT</subfield>
    <subfield code="d">2009-10-09</subfield>
    <subfield code="i">LF1</subfield>
    <subfield code="l">0</subfield>
    <subfield code="o">986.602 N575d</subfield>
    <subfield code="p">10783-10</subfield>
    <subfield code="r">2020-06-25</subfield>
    <subfield code="w">2020-06-25</subfield>
    <subfield code="y">2</subfield>
    <subfield code="Z">Pr&#xE9;stamo interno</subfield>
  </datafield>
  <datafield tag="999" ind1=" " ind2=" ">
    <subfield code="c">10535</subfield>
    <subfield code="d">10535</subfield>
  </datafield>
</record>
